Aritmética : para primer año de escuelas comerciales /

Guardado en:
Autor Principal: Toranzos, Fausto A
Formato: Libro
Publicado: Buenos Aires : Espasa-calpe, 1940
Materias:
Etiquetas: Agregar Etiqueta
Sin Etiquetas, Sea el primero en etiquetar este registro!
LEADER 00759nam a22002055a 4500
001 CEM.cems006292
005 20060214000000.0
008 130507s1940##################000#0#####d
003 CEMS
082 0 4 |a 511 
100 1 |a Toranzos, Fausto A 
245 1 0 |a Aritmética :  |b para primer año de escuelas comerciales / 
260 |a Buenos Aires :  |b Espasa-calpe,  |c 1940 
300 |a 255 p. 
505 0 |a La matemática en Buenos Aires y La Plata, el Centro argentino, en Cuyo, en el Litoral, en el Nordeste argentino, en el Noroeste argentino, en el Sur 
653 |a Aritmetica 
653 |a Matematica 
653 |a Matematica 1er. año 
859 |a CEMS  |b BIB. CEMS - 11 de abril  |h 511  |i R33/I  |p 1710.74  |t Ej.1 
859 |a CEMS  |b BIB. CEMS - 11 de abril  |h 511  |i R33/I  |p 9513.81  |t Ej.2